00940cam a22002295a 4500999001700000005001700017008004100034020001800075040011300093082002000206100002200226245005900248250001200307260006500319300003500384504005100419650004300470651001000513653002400523942000800547952015500555 c27355d2732620190519103918.0120531t2013 maua frb 001 0 eng d a9780122208515 aOPELSbengcOPELSdGZMdCDXdYDXCPdUIUdB24X7dOCLCFdOCLCQdE7BdUMRdDEBSZdOCLCQdUkdEG-ScBUEdEG-ScBUE04a660.63bDOR2221 aDoran, Pauline M.10aBioprocess engineering principles /cPauline M. Doran. a2nd ed. aWaltham, MA ;aOxford :bAcademic Press / Elsevier,cc.2013. aviii, 919 p. :bill. ;c24 cm. aIncludes bibliographical references and index. 7aBiochemical engineering.2BUEsh919460 2BUEsh bEENERGYYcApril2019 2ddc 00102ddc40708AlahramaMAINbMAINc1STd2019-04-07ePurchaseg553.00h527l1m3o660.63 DORp000043321r2025-07-15 00:00:00s2019-12-17v691.25yBB